|
|
|
|
| LEADER |
01118nam a2200265 a 4500 |
| 001 |
GR-Antirio1058 |
| 008 |
141010s1999 xxu g 000 0 eng d |
| 020 |
|
|
|a 078212433X
|
| 040 |
|
|
|a GrPaTEI
|b gre
|c GR-PaULI
|
| 040 |
|
|
|a GrPaTEI
|b gre
|c GR-PaULI
|
| 082 |
|
0 |
|a 005.268
|2 21
|
| 100 |
1 |
|
|a Lee, Michael,
|d 1966-
|
| 245 |
1 |
0 |
|a MCSD /
|c Michalel Lee, Clark Christensen .
|p Visual Basic 6 distributed applications study guide.
|
| 260 |
|
|
|a San Francisco :
|b Sybex,
|c 1999
|
| 300 |
|
|
|a xxxi, 719 σ. :
|b εικ. +
|e 1 cd-rom (4 ¾ ίν.)
|
| 500 |
|
|
|a Περιλαμβάνει ευρετήριο.
|
| 650 |
|
0 |
|a Microsoft Visual Basic
|
| 653 |
|
|
|a ELECTRONIC DATA PROCESSING PERSONNEL--CERTIFICATION
|
| 653 |
|
|
|a MICROSOFT SOFTWARE--EXAMINATIONS--STUDY GUIDES
|
| 700 |
1 |
|
|a Christensen, Clark
|
| 710 |
0 |
|
|a Sybex
|
| 942 |
|
|
|2 ddc
|
| 952 |
|
|
|0 0
|1 0
|2 ddc
|4 0
|6 005_268000000000000_LEE
|7 0
|9 262849
|a LISK-2
|b LISK-2
|c BSC
|d 2021-01-17
|e 24
|f 0
|g 0.00
|l 0
|o 005.268 LEE
|p 2430000007703
|r 2021-01-17 00:00:00
|t 1
|w 2021-01-17
|y BK15
|x 20141010 0 ΧΑΣΑΝΗ 1
|x GrPaTEI - Antirrio
|
| 971 |
|
|
|a .b25708570
|b 15-04-20
|c 12-09-16
|
| 999 |
|
|
|c 151411
|d 151411
|